Statistics for Name the Computer Game

Click here to take the quiz!

General Stats

  • This quiz has been taken 256 times
  • The average score is 9 of 19

Answer Stats

Genre and ClueComputer Game% Correct
Sandbox, Contains the game: Vice CityGrand Theft Auto
87%
Sandbox, Play in minesMinecraft
86%
Platformer, Italian plumberSuper Mario Bros.
81%
FPS, Contains the series: Modern WarfareCall Of Duty
72%
Strategy, _____ __ ClansClash of Clans
65%
Fighting, Hadouken!!!!!Street Fighter
65%
Puzzle, The cake is a liePortal
54%
Adventure, HyruleLegend of Zelda
50%
Horror, Collect 8 pagesSlender
48%
Horror, Scary AnimatronicsFive Nights at Freddy's
47%
Sports, First video game released.Pong
45%
Sandbox, Prop Hunt and DarkRPGGarry's Mod
36%
FPS, Very controversial gory gameDOOM
34%
FPS, Heavy and Scout are classesTeam Fortress 2
34%
Strategy-FPS, HEV SuitHalf Life
29%
Indie, Glory to ArstotzkaPapers, Please
27%
Vehicle, Play as irresponsible dadHappy Wheels
20%
Sandbox, Eye of CthuluTerraria
20%
Simulator, PlumbobThe Sims
20%

Score Distribution

Percentile by Number Answered

Percent of People with Each Score

Your Score History

You have not taken this quiz